| 000 | 00664nam a2200217 a 4500 | ||
|---|---|---|---|
| 001 | 000021310 | ||
| 005 | 20200930011307.0 | ||
| 008 | 100904s1998 ve r 000 0 spa d | ||
| 020 | _a9800110860 | ||
| 040 |
_aDO-SdBNP _bspa _cBNPHU |
||
| 082 |
_a854.32 _bJ61e |
||
| 100 | 1 |
_aJiménez Sierra, Elisio, _d1919- _944531 |
|
| 245 | 1 | 0 |
_aExplorarión de la selva oscura : _bensayos sobre Dante y Petrarca / _cElisio Jiménez Sierra. |
| 260 |
_aCaracas : _bMonte Ávila, _c1998. |
||
| 300 |
_a90, [1] p. ; _c16 cm. |
||
| 490 | 1 |
_aBreve _v9 |
|
| 650 | 4 |
_aEnsayos italianos _910585 |
|
| 650 | 4 |
_aLiteratura italiana _93329 |
|
| 830 | 0 |
_aBreve ; _v9 _944532 |
|
| 049 | _aBNGR | ||
| 999 |
_c20810 _d20810 |
||